| 000 | 02145pam a2200205 a 4500 | ||
|---|---|---|---|
| 020 | _a0309039649 (pbk.) : | ||
| 082 | 0 | 0 |
_a625.76 _bNAT |
| 245 | 0 | 0 |
_aPavement management, data storage, surface properties, and weigh-in-motion / _c[editor, Elizabeth W. Kaplan]. |
| 260 |
_aWashington, D.C. : _bTransportation Research Board, National Research Council, _c1985. |
||
| 300 |
_aiv, 88 p. : _bill. ; _c28 cm. |
||
| 505 | 0 | _aDeveloping stochastic flexible pavement distress and serviceability equations / M. Riggins, R.L. Lytton, and A. Garcia-Diaz -- Network sampling to estimate distribution of pavement condition and costs / J. Templeton, R.L. Lytton, and A. Garcia-Diaz -- Optimal pavement management approach using roughness measurements / Benjamin Colucci-Rios and Kumares C. Sinha -- Operation of the Washington state pavement management system / Newt Jackson -- Transportation facilities information system for pavement management / Walter P. Kilareski ... [et al.] -- Computerized pavement performance evaluation data base development for structural adequacy, present serviceability, and distress analysis / Ruben B. Manubay, Charles R. Kerr, and James Obenchain -- Modified reflexpercussive grooves for runways / Satish K. Agrawal and Hector Daiutolo -- Use of noncontact probes in road profiling / German Claros and W.R. Hudson -- Estimation of pavement loading from limited vehicle volume sampling / A.T. Papagianakis and A.T. Bergan -- Estimating lanewise traffic loading on multilane highways from WIM data / Clyde E. Lee and Bahman Izadmehr -- Weighing trucks on axle-load and weigh-in-motion scales / Clyde E. Lee and Randy B. Machemehl -- Application of in-motion weighing using instrumented bridges / Richard E. Snyder and Fred Moses. | |
| 526 |
_a0 _b0 _c0 _d625_760000000000000_NAT |
||
| 650 | 0 |
_aMCE _9379 |
|
| 650 | 0 |
_aPavements _xLive loads _xCongresses. _943726 |
|
| 650 | 0 |
_aPavements _xMaintenance and repair _xCongresses. _943727 |
|
| 650 | 0 |
_aRoads _xMaintenance and repair _xData processing _xCongresses. _943728 |
|
| 700 | 1 |
_aKaplan, Elizabeth W. _943729 |
|
| 710 | 2 |
_aNational Research Council (U.S.). _920017 |
|
| 942 |
_2ddc _cBK |
||
| 999 |
_c547546 _d547546 |
||